Najsłabsze reprezentacje w PIŁCE NOŻNEJ - Statystyki

Ogólne statystyki
  • Ten quiz został rozwiązany 138 razy
  • Średni wynik to 8 z 21
Statystyki odpowiedzi
Miejsce
W
RANKINGU FIFA
Punkty
W
Rankingu FIFA
Trener Skrót FIFA Reprezentacja % Poprawnych
209. 802 pkt Franco Varrella SMR San Marino
96%
195. 880 pkt Julio César Ribas GIB Gibraltar
72%
191. 907 pkt Martin Stocklasa LIE Liechtenstein
72%
197. 873 pkt Haruna Mawa SOM Somalia
56%
205. 846 pkt Dudley Steinwall SRI Sri Lanka
55%
198. 866 pkt José Antonio Nogueira PAK Pakistan
53%
192. 903 pkt Kwon Oh-son BRU Brunei Darussalam
51%
202. 858 pkt Dion Godet BAH Bahamy
47%
204. 855 pkt Alemseged Efrem ERI Erytrea
46%
190. 909 pkt James Day BAN Bangladesz
42%
199. 865 pkt Ralph Jean - Louis SEY Seszele
35%
201. 859 pkt Rini Coolen ARU Aruba
34%
200. 861 pkt Timote Moleni TGA Tonga
29%
207. 816 pkt Gilberto Damiano VIR Amerykańskie Wyspy dziewicze
23%
208. 812 pkt John Reilly VGB Brytyjskie Wyspy Dziewicze
23%
196. 879 pkt Simón Elissetche TLS Timor Wschodni
22%
203. 858 pkt Karl Dodd GUM Guam
21%
194. 900 pkt Larry Manaʻo ASA Samoa Amerykańskie
20%
210. 792 pkt Romare Kelsick AIA Anguilla
16%
193. 903 pkt Adriano Eusébio STP Wyspy Świętego Tomasza i Książęca
12%
206. 839 pkt Matt Barnes TCA Turks i Caicos
8%
Nie znaleziono quizów pasujących do podanych kryteriów
Rozkład punktacji
Procent ludzi z każdym wynikiem
Percentyl według liczby udzielonych odpowiedzi
Twoja historia wyników
Nie rozwiązałeś tego quizu